Využívanie nástrojov marketingu v obchodnej spoločnosti diplomová práca

Gespeichert in:
Bibliographische Detailangaben
1. Verfasser: Medňanská, Gabriela
Körperschaft: Obchodná fakulta EU. Katedra marketingu
Weitere Verfasser: Daňo, Ferdinand, 1959-
Format: Buch
Sprache:Slowakisch
Veröffentlicht: Bratislava 2015
Tags: Tag hinzufügen
Keine Tags, Fügen Sie das erste Tag hinzu!

MARC

LEADER 00000nbm a2200000 4500
001 0203021
005 20170306143959.3
041 0 |a slo 
044 |a SK 
245 1 0 |a Využívanie nástrojov marketingu v obchodnej spoločnosti  |b diplomová práca  |c Gabriela Medňanská ; školiteľ: Ferdinand Daňo 
264 1 |a Bratislava  |c 2015 
300 |a 83 s. 
100 1 |a Medňanská, Gabriela 
700 1 |a Daňo, Ferdinand, 1959- 
710 2 |a Obchodná fakulta EU. Katedra marketingu